00751nam a2200241Ia 450000500170000000800460001703700110006304000080007404000080008204000080009004100080009804100080010608400080011410000520012224500940017426000090026830000100027765000240028770000820031194200070039399900210040095200880042120260430150645.0008 250103s9999 xx 000 0 eng d aTheses aCRL beng ceng 2eng aeng qCRL aMaini Nidhi Au.; Sachidanand Unita Gu.91238127 0aDressed up and on the Go: magazines, Consumption, and the Modern Girl in Inter-War Japan c2023 a274p. aEast Asia - History aUniversity of Delhi. Faculty of Social Sciences. Deptt. of East Asian Studies cTH c1850319d1850319 00104070aCRLbCRLd2026-04-30l0pTH0027439r2026-04-30 15:06:45w2026-04-30yTH